000 00319nam a22001337a 4500
008 181025b xxu||||| |||| 00| 0 eng d
020 _a9781626371514
041 _aeng
080 _23 ED
_a321
100 _a21
101 _aPOL
245 _aInternational The Politics Organizaitons
_cKarns.M.P
942 _2udc
_cBK
999 _c50922
_d50922